000
00334nam a2200133Ia 4500
008
240624s9999 xx 000 0 und d
041
_a
eng
082
_a
823 DIC
100
_a
DICKENS CHARLES
245
_a
OLIVER TWIST
260
_c
2008
_a
Oxford
_b
Oxford University press
300
_a
lvii, : 480 : p. : cm. ; 19
365
_c
RS
_b
32
999
_c
16640
_d
16640